[Event "Invitation"]
[Site "http://www.queenalice.com/game.php?id=467200"]
[Date "2008.9.23"]
[Round "-"]
[White "lluisot"]
[Black "Ashitaka"]
[Result "0-1"]
[WhiteElo "1912"]
[BlackElo "1963"]

1. d4 Nf6 2. Nf3 g6 3. Bf4 Bg7 4. e3 c5 5. c3 b6 6. Nbd2 O-O 7. h3 d6 8. Be2 Ba6
9. Bxa6 Nxa6 10. Qe2 Nc7 11. O-O Ne6 12. Bh2 Qd7 13. e4 b5 14. e5 Nd5 15. Ne4
cxd4 16. cxd4 dxe5 17. dxe5 Qb7 18. Rfd1 Nb6 19. b3 a6 20. Rac1 Rac8 21. Neg5
Nxg5 22. Nxg5 Rxc1 23. Rxc1 Rc8 24. Rd1 e6 25. Bg3 Nd5 26. Ne4 Rc6 27. Kh2 h6
28. Qf3 Qe7 29. Re1 b4 30. Nd6 Rc3 31. Qe2 Qa7 32. Rd1 Rxg3 33. Rxd5 Rxg2+ 34.
Kxg2 Qa8 35. Qf3 Qxd5 36. Qxd5 exd5 37. f4 Kf8 38. Nc8 d4 39. Kf3 g5 40. Nd6 d3
41. Nc4 gxf4 42. Kxf4 Ke7 43. Kf5 h5 44. Kg5 Bxe5 45. Kxh5 Bc3 46. Kg5 d2 47.
Ne3 Ke6 48. Kf4 Bg7 49. Ke4 Bh6 50. Nd1 Bg7 51. Ne3 f5+ 52. Kd3 Bc3 53. h4 Kf6
54. Ke2 Ke5 55. Kf3 f4 0-1

[Event "AUTO-MASTER-624"]
[Site "http://www.queenalice.com/game.php?id=471209"]
[Date "2008.10.1"]
[Round "1"]
[White "Alexandrovinsk"]
[Black "lluisot"]
[Result "1-0"]
[WhiteElo "2106"]
[BlackElo "1969"]

1. d4 Nf6 2. Nf3 g6 3. c4 Bg7 4. Nc3 d6 5. e4 O-O 6. Be2 e5 7. O-O Nc6 8. Bg5 h6
9. Bh4 g5 10. Bg3 exd4 11. Nxd4 Bd7 12. Ndb5 a6 13. Nxc7 Qxc7 14. Bxd6 Qb6 15.
Bxf8 Rxf8 16. Rb1 Be6 17. Nd5 Qd4 18. Ne7+ Kh8 19. Nxc6 Qxd1 20. Rfxd1 bxc6 21.
f3 Nh5 22. g3 Nf6 23. Rd6 Rc8 24. Rbd1 Kh7 25. Bd3 Ne8 26. e5+ Kg8 27. Rd4 Bxe5
28. Re4 Bxb2 29. Kg2 Nf6 30. Re2 Bc3 31. c5 Bd5 32. h3 a5 33. Bf5 Re8 34. Rc2
Be5 35. Kf2 Nh5 36. g4 Nf4 37. Rh1 Bd4+ 38. Kg3 Re3 39. Rf1 Rc3 40. Rxc3 Bxc3
41. Be4 Bxe4 42. fxe4 Bd4 43. Rd1 Ne6 44. h4 Bxc5 45. hxg5 hxg5 46. Kf3 Kg7 47.
e5 Kf8 48. Ke4 Ke7 49. Kf5 Be3 50. Rd3 Bc5 51. Rd1 Bb4 52. Rb1 c5 53. a3 Bd2 54.
Rb7+ Ke8 55. Kf6 Nd8 56. Re7+ 1-0

[Event "AUTO-MASTER-624"]
[Site "http://www.queenalice.com/game.php?id=471210"]
[Date "2008.10.1"]
[Round "1"]
[White "lluisot"]
[Black "Alexandrovinsk"]
[Result "0-1"]
[WhiteElo "1965"]
[BlackElo "2100"]

1. d4 Nf6 2. Nf3 b6 3. Bf4 Bb7 4. e3 e6 5. c4 d5 6. Nc3 Nbd7 7. h3 a6 8. Rc1 c5
9. a3 cxd4 10. exd4 dxc4 11. Bxc4 Rc8 12. Ba2 b5 13. O-O Nb6 14. Ne5 Be7 15. Re1
O-O 16. Nxf7 Rxf7 17. Bxe6 Kf8 18. Be5 Bd6 19. Bxc8 Bxc8 20. Bxf6 Qxf6 21. Ne4
Qg6 22. Nxd6 Qxd6 23. Qc2 Kg8 24. Re8+ Rf8 25. Qb3+ Nc4 26. Rxf8+ Kxf8 27. Qf3+
Kg8 28. b3 Nb6 29. Rc6 Qxd4 30. Qh5 g6 31. Qg5 Bb7 32. Rc1 Qd5 33. Qxd5+ Bxd5
34. Rc3 h5 35. g3 Kf7 36. Kf1 Kf6 37. Ke2 Ke5 38. Ke3 Bg2 39. h4 Nd5+ 0-1

[Event "AUTO-MASTER-624"]
[Site "http://www.queenalice.com/game.php?id=471215"]
[Date "2008.10.1"]
[Round "1"]
[White "isaacfieri"]
[Black "lluisot"]
[Result "1/2-1/2"]
[WhiteElo "2099"]
[BlackElo "1951"]

1. c4 Nf6 2. Nc3 g6 3. g3 Bg7 4. Bg2 c5 5. Nf3 d6 6. d4 O-O 7. O-O Nc6 8. dxc5
dxc5 9. Be3 Nd7 10. Qc2 Nd4 11. Qd2 e5 12. Bh6 Re8 13. Bxg7 Kxg7 14. e3 Nxf3+
15. Bxf3 Nf6 16. Qxd8 Rxd8 17. Rfd1 Be6 18. b3 Rxd1+ 19. Rxd1 Rb8 20. Nd5 b6 21.
Nxf6 Kxf6 22. h4 Ke7 23. Kf1 Rd8 24. Rxd8 Kxd8 25. Ke2 Kd7 26. Kd3 f5 27. Kc3 e4
28. Bd1 Kd6 29. a3 h6 30. b4 Ke5 31. Ba4 g5 32. hxg5 hxg5 33. Bb5 Kd6 34. Ba4
Ke5 35. Bb5 f4 36. gxf4+ gxf4 37. Kd2 Bf7 1/2-1/2

[Event "AUTO-MASTER-624"]
[Site "http://www.queenalice.com/game.php?id=471216"]
[Date "2008.10.1"]
[Round "1"]
[White "lluisot"]
[Black "isaacfieri"]
[Result "0-1"]
[WhiteElo "1957"]
[BlackElo "2084"]

1. d4 Nf6 2. Nf3 e6 3. Bf4 c5 4. e3 Nc6 5. c3 b6 6. h3 Bb7 7. Nbd2 Be7 8. Be2
O-O 9. O-O d5 10. Bd3 Rc8 11. Qe2 cxd4 12. exd4 Re8 13. Ne5 Nd7 14. Bh2 Ncxe5
15. dxe5 Bf8 16. Nf3 Nc5 17. Bc2 Ba6 18. Qd2 Bxf1 19. Rxf1 g6 20. Bg3 Bg7 21.
Nd4 a6 22. Qe2 b5 23. f4 Nd7 24. Bf2 Nb8 25. Be3 Nc6 26. Rd1 Nxd4 27. Bxd4 Qh4
28. Rf1 Bf8 29. Qe3 Rc6 30. Bd3 Qd8 31. a3 Qc7 32. b4 Rc8 33. g4 Rxc3 34. Bxc3
Qxc3 35. f5 Rc4 36. fxe6 fxe6 37. Qf3 Qd4+ 38. Kh1 Rc8 39. Qf7+ Kh8 40. Qxe6
Qxd3 41. Qxc8 Qxf1+ 42. Kh2 d4 43. e6 Qf4+ 44. Kh1 Qd6 0-1

[Event "AUTO-MASTER-636"]
[Site "http://www.queenalice.com/game.php?id=477057"]
[Date "2008.10.14"]
[Round "1"]
[White "LucianoCenci"]
[Black "lluisot"]
[Result "0-1"]
[WhiteElo "1725"]
[BlackElo "1916"]

1. d4 Nf6 2. c4 g6 3. Nc3 Bg7 4. Nf3 d6 5. e4 O-O 6. Be2 e5 7. O-O Nc6 8. d5 Ne7
9. Nd2 Ne8 10. b4 f5 11. c5 Rf7 12. Nc4 Bf8 13. cxd6 cxd6 14. a4 Kh8 15. Bg5 h6
16. Bxe7 Qxe7 17. Nb5 f4 18. Bg4 a6 0-1

[Event "AUTO-MASTER-636"]
[Site "http://www.queenalice.com/game.php?id=477058"]
[Date "2008.10.14"]
[Round "1"]
[White "lluisot"]
[Black "LucianoCenci"]
[Result "1-0"]
[WhiteElo "1924"]
[BlackElo "1717"]

1. d4 Nf6 2. Nf3 e6 3. Bf4 b6 4. e3 Bb7 5. c4 Bb4+ 6. Nc3 Ne4 7. Qb3 Nc6 8. Bd3
Bxc3+ 9. bxc3 Na5 10. Qc2 f5 11. h3 O-O 12. O-O d6 13. Nd2 Nxd2 14. Qxd2 c5 15.
d5 e5 16. Bh2 e4 17. Be2 Qf6 18. f3 Qg6 19. a4 1-0

[Event "AUTO-MASTER-636"]
[Site "http://www.queenalice.com/game.php?id=477071"]
[Date "2008.10.14"]
[Round "1"]
[White "lluisot"]
[Black "luhosavi"]
[Result "0-1"]
[WhiteElo "1921"]
[BlackElo "2202"]

1. d4 Nf6 2. Nf3 e6 3. Bf4 c5 4. c3 b6 5. e3 Bb7 6. h3 Be7 7. Nbd2 cxd4 8. exd4
O-O 9. Bd3 d6 10. O-O Nbd7 11. Qe2 Rc8 12. Rfe1 h6 13. Nc4 Qc7 14. Rad1 Ba6 15.
Ncd2 Bxd3 16. Qxd3 Nd5 17. Bh2 Qb7 18. Ne4 Rc6 19. a3 N7f6 20. c4 Nxe4 0-1

[Event "AUTO-MASTER-636"]
[Site "http://www.queenalice.com/game.php?id=477072"]
[Date "2008.10.14"]
[Round "1"]
[White "luhosavi"]
[Black "lluisot"]
[Result "1-0"]
[WhiteElo "2173"]
[BlackElo "1945"]

1. d4 Nf6 2. c4 g6 3. Nc3 Bg7 4. e4 d6 5. Nf3 O-O 6. Be2 e5 7. d5 Ne8 8. h4 f5
9. h5 Rf7 10. Bg5 Nf6 11. hxg6 hxg6 12. Nh4 Bf8 13. Nxg6 Bg7 14. Bh5 Qd7 15. Qf3
fxe4 16. Nxe4 Nxe4 17. Qxe4 Na6 18. Qh4 Qf5 19. Ne7+ Rxe7 20. Bxe7 1-0

[Event "AUTO-MASTER-636"]
[Site "http://www.queenalice.com/game.php?id=477073"]
[Date "2008.10.14"]
[Round "1"]
[White "lluisot"]
[Black "CCapivara"]
[Result "0-1"]
[WhiteElo "1929"]
[BlackElo "2129"]

1. d4 d5 2. Nf3 Nf6 3. Bf4 e6 4. e3 Bd6 5. Ne5 O-O 6. Be2 Nbd7 7. c4 Bb4+ 8. Nc3
Ne4 9. Qb3 Bxc3+ 10. bxc3 c6 11. O-O Nd2 12. Qc2 Nxf1 0-1

[Event "AUTO-MASTER-636"]
[Site "http://www.queenalice.com/game.php?id=477074"]
[Date "2008.10.14"]
[Round "1"]
[White "CCapivara"]
[Black "lluisot"]
[Result "1-0"]
[WhiteElo "2123"]
[BlackElo "1938"]

1. e4 g6 2. d4 Bg7 3. c4 d6 4. Nc3 Nf6 5. f3 O-O 6. Be3 e5 7. Nge2 Nc6 8. Qd2
Nh5 9. O-O-O f5 10. exf5 exd4 11. Nxd4 1-0